| 000 | 01367nam a2200337 a 4500 | ||
|---|---|---|---|
| 003 | DO-SdBNP | ||
| 005 | 20240319121127.0 | ||
| 007 | ta | ||
| 008 | 110325s2022 dr bd 001 0 spa d | ||
| 020 | _a9789945634044 | ||
| 040 |
_aDO-SdBNP _bspa _cBNPHU |
||
| 082 | _bL666 | ||
| 100 |
_aLevitt, Peggy _983008 |
||
| 245 | 1 | 0 |
_aDe Baní a Boston : _bconstruyendo comunidad a través de fronteras / _cPeggy Levitt ; presentación Samuel Pereyra Rojas Wilfredo Lozano ; prólogo Rafael Emilio Yunén |
| 260 |
_aSanto Domingo, : _bInstituto Nacional de Migración, _bBanco de Reservas, _c2022. |
||
| 300 |
_a331p. : _bmap., diagr. ; _c23 cm. |
||
| 490 | 1 | _aClásicos de la Migración Dominicana | |
| 500 | _aIncluye datos biográficos de la autora en la solapa de la portada. | ||
| 500 | _aIncluye Índice de cuadros, grafícos, mapas y diagramas | ||
| 500 | _aIncluye notas y biografías a pie de paginas. | ||
| 500 | _aIncluye índice onomástico. | ||
| 504 | _aBibliografía : p. 299-321 | ||
| 590 | _aInventariado, 2022/ YL | ||
| 650 | 4 |
_aTrabajadores extranjeros _zRepública Dominicana _953854 |
|
| 650 | 4 |
_aHaitianos en república dominicana _92246 |
|
| 700 | 1 | 2 |
_aPereyra Rojas, Samuel _epres. _983007 |
| 700 | 1 | 2 |
_aLozano, Wilfredo _epres.. _981507 |
| 700 | 1 | 2 |
_aYunén, Rafael Emilio _d1952- _eprol. _92304 |
| 910 | _aYLockward | ||
| 942 |
_2ddc _cLBS1 |
||
| 999 |
_c53093 _d53093 |
||